000 02323nam a2200493 i 4500
001 xx005113486
003 NUKAT
005 20260407114649.0
008 210416s1937 pl a |001 0 pol c
035 _a(OCoLC)835918247
035 _a(NUKAT)xx005113486
040 _aWA 392/MD
_bpol
_erda
_cWA 392/MD
_dWA 392/TB
100 1 _aPiłsudski, Józef
_d(1867-1935).
_eAutor
_913197
245 1 0 _aPisma zbiorowe :
_bwydanie prac dotychczas drukiem ogłoszonych.
_nT. 6 /
_cJózef Piłsudski ; tom niniejszy zredagował, wstępem i przypisami zaopatrzył Kazimierz Świtalski ; okładkę projektował Tadeusz Gronowski.
246 1 8 _aPisma zbiorowe Józefa Piłsudskiego
260 _aWarszawa :
_bInstytut Józefa Piłsudskiego Poświęcony Badaniu Najnowszej Historii Polski,
_c1937
_e(Kraków :
_fdruk W. L. Anczyca i Spółki).
300 _a[4], 217, [1], V, [1] strona, [2] karty tablic, [1] karta tablic złożona :
_bilustracje ;
_c23 cm.
336 _aTekst
_btxt
_2rdacontent
337 _aBez urządzenia pośredniczącego
_bn
_2rdamedia
338 _aWolumin
_bnc
_2rdacarrier
380 _aKsiążki
380 _aLiteratura faktu, eseje, publicystyka
380 _aProza
386 _mPrzynależność kulturowa
_aLiteratura polska
388 1 _a1901-2000
388 1 _a1918-1939
504 _aIndeksy.
600 1 7 _aPiłsudski, Józef
_d(1867-1935)
_xmyśl polityczna i społeczna.
_2kaba
_939494
600 1 7 _aPiłsudski, Józef
_d(1867-1935)
_xwkład do historii wojskowej.
_2kaba
_939500
610 2 7 _aLegiony Polskie (1914-1917)
_2DBN
_935062
648 7 _a1901-2000
_2DBN
_934996
648 7 _a1918-1939
_2DBN
_936041
650 7 _aPowstanie styczniowe (1863-1864)
_2DBN
_935768
650 7 _aIdee polityczne
_zPolska
_y1900-1945.
_2kaba
_933151
651 7 _aPolska
_y1918-1939 (II Rzeczpospolita).
_2kaba
_91394
651 7 _aPolska
_y1863-1864 (Powstanie Styczniowe).
_2kaba
_9545
655 7 _aMowy
_2DBN
_936872
655 7 _aPublicystyka
_2DBN
_935056
700 1 _aŚwitalski, Kazimierz
_d(1886-1962).
_eRedakcja
_936146
700 1 _aGronowski, Tadeusz
_d(1894-1990).
_eProjekt graficzny
_939496
710 2 _aInstytut Józefa Piłsudskiego Poświęcony Badaniu Najnowszej Historii Polski (1936-1939).
_eWydawca
_4pbl
_97498
710 2 _aW. L. Anczyc i Spółka.
_eDruk
_4prt
_94292
942 _2ddc
_cBK_NM
999 _c27440
_d27440